[Event "12sen.WM-H Naumburg"]
[Site "Naumburg/Saale(20.10.-03.11.)"]
[Date "2002.10.24"]
[Round "4"]
[White "Kovacs, Les"]
[Black "Wiebke, Elfriede"]
[Result "1-0"]
[WhiteElo "1600"]
[BlackElo "1150"]
[PlyCount "85"]
[EventDate "2002.11.??"]

1. d4 d5 2. g3 Nf6 3. Bg2 Nc6 4. Nc3 e6 5. Bg5 Be7 6. e3 O-O 7. Nf3 h6 8. Bxf6
Bxf6 9. Qe2 a6 10. Nd2 Nb4 11. Nb3 b6 12. a3 Nc6 13. f4 Ne7 14. g4 Bh4+ 15. Kd2
f5 16. h3 g5 17. Nc1 Ng6 18. Nd3 Qd6 19. Rhf1 Bg3 20. fxg5 f4 21. e4 hxg5 22.
exd5 Bd7 23. dxe6 Rae8 24. d5 Bxe6 25. dxe6 c6 26. Ne4 Qxe6 27. Nxg3 Qe3+ 28.
Qxe3 fxe3+ 29. Ke2 Nf4+ 30. Nxf4 gxf4 31. Ne4 Rd8 32. Rad1 Rde8 33. Rd6 c5 34.
Nf6+ Rxf6 35. Rxf6 Rd8 36. Rd1 Rb8 37. Rxf4 Kg7 38. Kxe3 b5 39. b3 Kg6 40. Rd6+
Kg5 41. Kf3 Re8 42. Rf5+ Kh4 43. Rh5# 1-0

[Event "12sen.WM-H Naumburg"]
[Site "Naumburg/Saale(20.10.-03.11.)"]
[Date "2002.10.24"]
[Round "4"]
[White "Kraft, Gerhard"]
[Black "Farin, Friedrich"]
[Result "1-0"]
[WhiteElo "1819"]
[BlackElo "1324"]
[PlyCount "97"]
[EventDate "2002.11.??"]

1. e4 d6 2. d4 Nf6 3. Bd3 g6 4. f4 Bg7 5. Nf3 O-O 6. O-O Bg4 7. Be3 c6 8. c4
Nbd7 9. Qd2 Bxf3 10. Rxf3 Ng4 11. Nc3 e5 12. fxe5 dxe5 13. d5 a6 14. b4 cxd5
15. Nxd5 Rc8 16. Raf1 b6 17. h3 Nxe3 18. Qxe3 Rc6 19. Qf2 f6 20. Qc2 Rf7 21.
Qa4 Nb8 22. g4 Bf8 23. Kg2 a5 24. a3 f5 25. gxf5 gxf5 26. Rg3+ Rg6 27. Rxg6+
hxg6 28. Qd1 Qg5+ 29. Kh2 f4 30. Rg1 Qh6 31. Qg4 Rg7 32. Qe6+ Kh8 33. Qxe5 Nc6
34. Qf6 Ne7 35. Qxf8+ Ng8 36. Qxf4 g5 37. Qg4 Nf6 38. Nxf6 Qxf6 39. Qh5+ Rh7
40. Qxg5 Qd6+ 41. e5 Rxh3+ 42. Kxh3 Qxd3+ 43. Rg3 Qh7+ 44. Qh4 axb4 45. e6 b3
46. e7 Qxh4+ 47. Kxh4 b2 48. e8=Q+ Kh7 49. Qh5# 1-0

[Event "12sen.WM-H Naumburg"]
[Site "Naumburg/Saale(20.10.-03.11.)"]
[Date "2002.10.24"]
[Round "4"]
[White "Kristiansen, Erling"]
[Black "Uhlmann, Wolfgang"]
[Result "1/2-1/2"]
[WhiteElo "2257"]
[BlackElo "2440"]
[PlyCount "122"]
[EventDate "2002.11.??"]

1. e4 e6 2. d4 d5 3. Nc3 Bb4 4. e5 c5 5. a3 Bxc3+ 6. bxc3 Ne7 7. Nf3 Bd7 8. Bd2
Ba4 9. Qb1 Qc7 10. Bb5+ Bxb5 11. Qxb5+ Nd7 12. O-O O-O 13. Rab1 b6 14. Rfe1
Rfc8 15. Rb2 Nc6 16. c4 a6 17. Qb3 dxc4 18. Qxc4 b5 19. Qd3 cxd4 20. Qe4 Nf8
21. Nxd4 Nxd4 22. Qxd4 Rd8 23. Qe4 Rd5 24. Bb4 Rc8 25. h3 Ng6 26. Bd6 Qc3 27.
Qb4 h5 28. Ra2 a5 29. Qe4 Rc4 30. Qe3 Qxe3 31. Rxe3 f6 32. Rd3 Rxd3 33. cxd3
Rc1+ 34. Kh2 Nxe5 35. Bxe5 fxe5 36. Rb2 Rc5 37. Kg3 Kf7 38. Kf3 Ke7 39. Ke4 Kd6
40. g3 Rd5 41. f4 exf4 42. gxf4 g5 43. fxg5 Rxg5 44. Kf4 Re5 45. d4 Rd5 46. Ke4
e5 47. dxe5+ Rxe5+ 48. Kd4 Rc5 49. Rg2 Rc4+ 50. Kd3 Ra4 51. Rg6+ Ke7 52. Rg5
Rxa3+ 53. Kc2 Rxh3 54. Rxb5 a4 55. Ra5 a3 56. Ra6 Rf3 57. Rh6 Rf5 58. Ra6 Rf2+
59. Kb1 Rb2+ 60. Ka1 Kf7 61. Ra7+ Kg8 1/2-1/2

[Event "12sen.WM-H Naumburg"]
[Site "Naumburg/Saale(20.10.-03.11.)"]
[Date "2002.10.24"]
[Round "4"]
[White "Krueger, Sigurd"]
[Black "Fanenbruck, Guenter"]
[Result "1/2-1/2"]
[WhiteElo "1872"]
[BlackElo "1557"]
[PlyCount "41"]
[EventDate "2002.11.??"]

1. c4 Nf6 2. Nc3 c5 3. g3 d5 4. cxd5 Nxd5 5. Bg2 Nc7 6. Nf3 Nc6 7. d3 e5 8. O-O
Be7 9. a3 O-O 10. Qc2 Nd4 11. Nxd4 cxd4 12. Ne4 Rb8 13. Nd2 f6 14. b4 Be6 15.
Bb2 Nd5 16. Rac1 Qd7 17. Ne4 Rbc8 18. Qb1 b6 19. Rxc8 Rxc8 20. Rc1 Rxc1+ 21.
Qxc1 1/2-1/2

[Event "12sen.WM-H Naumburg"]
[Site "Naumburg/Saale(20.10.-03.11.)"]
[Date "2002.10.24"]
[Round "4"]
[White "Kudoke, Willy"]
[Black "Ollek, Karl_Heinz"]
[Result "1/2-1/2"]
[WhiteElo "2024"]
[BlackElo "1663"]
[PlyCount "65"]
[EventDate "2002.11.??"]

1. c4 e6 2. Nc3 d5 3. cxd5 exd5 4. d4 Bf5 5. e3 c6 6. a3 Nf6 7. g3 Bd6 8. Bg2
O-O 9. Nge2 Nbd7 10. O-O Nb6 11. h3 h6 12. Kh2 Ne4 13. Nxe4 dxe4 14. Nc3 Re8
15. Qc2 Qe7 16. b4 Nd5 17. Bd2 Rac8 18. Rac1 h5 19. Nxd5 cxd5 20. Qa4 a6 21.
Qb3 Be6 22. Kg1 b5 23. Rxc8 Rxc8 24. Ra1 Qc7 25. Rc1 Qb7 26. Rxc8+ Qxc8 27. h4
f5 28. Bf1 Qc7 29. Kg2 Qc6 30. Be2 g6 31. Bd1 Qc7 32. a4 Be7 33. a5 1/2-1/2

[Event "12sen.WM-H Naumburg"]
[Site "Naumburg/Saale(20.10.-03.11.)"]
[Date "2002.10.24"]
[Round "4"]
[White "Kuehn, Peter"]
[Black "Pastowski, Werner"]
[Result "1-0"]
[WhiteElo "2008"]
[BlackElo "1550"]
[PlyCount "81"]
[EventDate "2002.11.??"]

1. e4 e6 2. d3 d5 3. Nd2 dxe4 4. dxe4 Nf6 5. Ngf3 Nc6 6. g3 b6 7. Bg2 e5 8. O-O
Be7 9. h3 h6 10. Qe2 O-O 11. Rd1 Nd4 12. Nxd4 Qxd4 13. Nc4 Qc5 14. Be3 Qb5 15.
a4 Qa6 16. Rd2 Be6 17. Nxe5 Qxe2 18. Rxe2 Nd7 19. Nc6 Bc5 20. Bxc5 Nxc5 21. e5
Kh8 22. b4 Bc4 23. Rd2 Ne6 24. Rad1 a5 25. bxa5 bxa5 26. Bd5 Bxd5 27. Rxd5 Ra6
28. Nd4 Rd8 29. Rxd8+ Nxd8 30. f4 Ne6 31. Nb3 Rc6 32. f5 Ng5 33. Rd8+ Kh7 34.
Nd4 Rc3 35. h4 Ne4 36. e6 fxe6 37. Nxe6 Rxg3+ 38. Kh2 Rg4 39. Nf8+ Kg8 40. Ng6+
Kf7 41. Rf8# 1-0

[Event "12sen.WM-H Naumburg"]
[Site "Naumburg/Saale(20.10.-03.11.)"]
[Date "2002.10.24"]
[Round "4"]
[White "Kuhnert, Werner"]
[Black "Zierott, Gert_ProfDr"]
[Result "0-1"]
[WhiteElo "1217"]
[BlackElo "1740"]
[PlyCount "90"]
[EventDate "2002.11.??"]

1. d4 d5 2. c4 c6 3. Nc3 Bf5 4. Bf4 Nf6 5. cxd5 Nxd5 6. Nxd5 Qxd5 7. a3 Nd7 8.
Rc1 e6 9. e3 Be7 10. f3 Qa5+ 11. Rc3 Nf6 12. Kf2 Nd5 13. Rc1 Nxf4 14. exf4 O-O
15. Ne2 Rad8 16. Qe1 Qb6 17. b4 Bd3 18. h4 Bxe2 19. Bxe2 Rxd4 20. Kg3 Qc7 21.
Kf2 Qxf4 22. g3 Qd6 23. Rd1 Rd8 24. Qc3 Bf6 25. Qc2 e5 26. Rxd4 Qxd4+ 27. Kg2
Qe3 28. Rd1 Qxa3 29. Rxd8+ Bxd8 30. b5 cxb5 31. Bxb5 g6 32. Qc8 Qb2+ 33. Kh3
Qxb5 34. Qxd8+ Kg7 35. g4 Qc6 36. Kg3 Qf6 37. Qd5 b6 38. Qb7 a5 39. g5 Qd6 40.
Qe4 b5 41. Kg2 b4 42. Qc2 Qd5 43. Qc7 b3 44. Qb6 a4 45. Qa6 b2 0-1

[Event "12sen.WM-H Naumburg"]
[Site "Naumburg/Saale(20.10.-03.11.)"]
[Date "2002.10.24"]
[Round "4"]
[White "Kummer, Heinz"]
[Black "Fabritius, Herbert"]
[Result "1/2-1/2"]
[WhiteElo "2051"]
[BlackElo "1726"]
[PlyCount "49"]
[EventDate "2002.11.??"]

1. e4 e6 2. d3 d5 3. Nd2 Nf6 4. Ngf3 Be7 5. g3 b6 6. Bg2 Bb7 7. exd5 Bxd5 8.
O-O O-O 9. Qe2 Nbd7 10. Re1 c5 11. Ng5 e5 12. Nxh7 Kxh7 13. Bxd5 Nxd5 14. Qe4+
Kg8 15. Qxd5 Qc7 16. Nf1 Rad8 17. Ne3 Qd6 18. Qxd6 Bxd6 19. Nf5 Bc7 20. Be3
Rfe8 21. Bg5 f6 22. Bd2 Nf8 23. Bc3 Ne6 24. Kg2 Nd4 25. Ne3 1/2-1/2

[Event "12sen.WM-H Naumburg"]
[Site "Naumburg/Saale(20.10.-03.11.)"]
[Date "2002.10.24"]
[Round "4"]
[White "Langer, Wolfgang[39Leipz]"]
[Black "Masich, Vladimir"]
[Result "0-1"]
[WhiteElo "1813"]
[BlackElo "2084"]
[PlyCount "50"]
[EventDate "2002.11.??"]

1. d4 d5 2. Nf3 e6 3. Bf4 c5 4. e3 Qb6 5. Qc1 Nc6 6. c3 Nf6 7. Nbd2 cxd4 8.
exd4 Nh5 9. Bg3 Be7 10. Be2 a5 11. Rb1 a4 12. O-O Nxg3 13. fxg3 e5 14. Kh1 exd4
15. Nxd4 Nxd4 16. cxd4 O-O 17. Qc3 Bf6 18. Nf3 Bf5 19. Rbc1 Rfc8 20. Qd2 Be4
21. Ne5 Rxc1 22. Rxc1 Bxe5 23. dxe5 Qf2 24. Rg1 Rc8 25. Qe1 Bxg2+ 0-1

[Event "12sen.WM-H Naumburg"]
[Site "Naumburg/Saale(20.10.-03.11.)"]
[Date "2002.10.24"]
[Round "4"]
[White "Lardot, Derik"]
[Black "Kahn, Manfred"]
[Result "1-0"]
[WhiteElo "1916"]
[BlackElo "2177"]
[PlyCount "73"]
[EventDate "2002.11.??"]

1. e4 e6 2. d4 d5 3. Nd2 Nf6 4. e5 Nfd7 5. Bd3 c5 6. c3 Nc6 7. Ne2 Qb6 8. Nf3
cxd4 9. cxd4 f6 10. exf6 Nxf6 11. O-O Bd6 12. Bf4 Bxf4 13. Nxf4 O-O 14. Re1
Qxb2 15. Re3 Kh8 16. Bxh7 Kxh7 17. Rb3 Qxa1 18. Qxa1 Ne4 19. Nh3 b6 20. Nhg5+
Kg8 21. Qd1 Rf5 22. Nxe4 dxe4 23. Nh4 Rd5 24. Ng6 Bb7 25. Rg3 Re8 26. Qg4 Nxd4
27. Nf4 Rd7 28. Nh5 Rc7 29. h4 Ree7 30. Nf6+ Kf8 31. Nxe4 Ba6 32. Kh2 Nf5 33.
Ra3 Bb5 34. Qh5 Be8 35. Qh8+ Kf7 36. Rf3 Rc4 37. Nd6+ 1-0

[Event "12sen.WM-H Naumburg"]
[Site "Naumburg/Saale(20.10.-03.11.)"]
[Date "2002.10.24"]
[Round "4"]
[White "Limberg, Siegfried"]
[Black "Dombrowski, Heinz_Guenter"]
[Result "1-0"]
[WhiteElo "2128"]
[BlackElo "1727"]
[PlyCount "118"]
[EventDate "2002.11.??"]

1. d4 e6 2. Nf3 d5 3. e3 c6 4. Bd3 f5 5. c4 Nf6 6. Nc3 Bb4 7. O-O O-O 8. Bd2 a5
9. Rc1 Ne4 10. Be1 Nd7 11. a3 Bd6 12. Ne2 Ndf6 13. Ng3 Qe8 14. Nd2 Qg6 15. Be2
f4 16. Ndxe4 dxe4 17. exf4 Bxf4 18. Bd2 e5 19. dxe5 Rd8 20. Rc2 Bxe5 21. Qc1
Be6 22. Rd1 c5 23. Bc3 Bc7 24. Rcd2 Rxd2 25. Qxd2 h5 26. Bxf6 Bxg3 27. hxg3
gxf6 28. Qd6 Qf5 29. Qc7 Qe5 30. Rd8+ Rxd8 31. Qxd8+ Kf7 32. Qxa5 e3 33. Qb5
exf2+ 34. Kxf2 Bg4 35. Qxb7+ Kg6 36. Bd3+ f5 37. Qc6+ Kg5 38. Qd5 Qxb2+ 39. Kg1
Qxa3 40. Qd7 Qa1+ 41. Kh2 Qd4 42. Qe7+ Kg6 43. Qe6+ Kg5 44. Bc2 Qf6 45. Qe3+ f4
46. Qxc5+ Kh6 47. Qc7 fxg3+ 48. Qxg3 Kg5 49. Bd1 Qd4 50. Bxg4 hxg4 51. Qb3 Qh8+
52. Kg1 Qd4+ 53. Kf1 Qf4+ 54. Ke2 Kh4 55. Qd3 Qe5+ 56. Kd2 Qb2+ 57. Qc2 Qf6 58.
Qd3 Qf2+ 59. Qe2 Qf4+ 1-0

[Event "12sen.WM-H Naumburg"]
[Site "Naumburg/Saale(20.10.-03.11.)"]
[Date "2002.10.24"]
[Round "4"]
[White "Littlewood, John_E"]
[Black "Werchan, Hans_Dr"]
[Result "1-0"]
[WhiteElo "2292"]
[BlackElo "2121"]
[PlyCount "59"]
[EventDate "2002.11.??"]

1. e4 c5 2. Nf3 d6 3. d4 cxd4 4. Nxd4 Nf6 5. Nc3 a6 6. f3 e5 7. Nb3 Be6 8. Be3
Qc7 9. Qd2 Nbd7 10. Nd5 Bxd5 11. exd5 Be7 12. Na5 Bd8 13. b4 O-O 14. c4 Be7 15.
Be2 Ne8 16. O-O f5 17. Rfd1 Kh8 18. Rac1 Rc8 19. Rc2 b6 20. Nc6 Bf6 21. a4 Qb7
22. a5 bxa5 23. Nxa5 Qa8 24. c5 Bd8 25. Nc6 Bc7 26. Ra1 dxc5 27. Rxa6 Qb7 28.
Ra7 Qb6 29. bxc5 Qb1+ 30. Rc1 1-0

[Event "12sen.WM-H Naumburg"]
[Site "Naumburg/Saale(20.10.-03.11.)"]
[Date "2002.10.24"]
[Round "4"]
[White "Ljubarskij, Jurij"]
[Black "Reznikov, Emmanouil"]
[Result "1-0"]
[WhiteElo "2317"]
[BlackElo "2098"]
[PlyCount "53"]
[EventDate "2002.11.??"]

1. e4 e5 2. Nf3 Nc6 3. Bb5 a6 4. Ba4 d6 5. c3 Bd7 6. O-O g6 7. d4 Bg7 8. Bg5 f6
9. Be3 Nh6 10. h3 Nf7 11. Nh2 O-O 12. f4 Qe7 13. d5 Ncd8 14. Bxd7 Qxd7 15. f5
c6 16. c4 b5 17. b3 cxd5 18. Qxd5 Nc6 19. Ng4 Ne7 20. Qd3 gxf5 21. exf5 d5 22.
Bc5 Rfd8 23. Nc3 h5 24. Bxe7 dxc4 25. Qxd7 Rxd7 26. Nxf6+ Bxf6 27. Bxf6 1-0

[Event "12sen.WM-H Naumburg"]
[Site "Naumburg/Saale(20.10.-03.11.)"]
[Date "2002.10.24"]
[Round "4"]
[White "Luecke, Volkmar"]
[Black "Kuczmera, Manfred"]
[Result "1-0"]
[WhiteElo "1890"]
[BlackElo "1608"]
[PlyCount "108"]
[EventDate "2002.11.??"]

1. Nf3 Nf6 2. g3 d5 3. Bg2 Bf5 4. O-O e6 5. d3 Be7 6. c4 c6 7. cxd5 exd5 8.
Nbd2 O-O 9. b3 Nbd7 10. Bb2 Re8 11. h3 Qc7 12. Rc1 Bd6 13. Nd4 Bg6 14. Nb5 Qb8
15. Nxd6 Qxd6 16. Nf3 h6 17. Qd2 Rad8 18. e3 a6 19. Rfd1 Nf8 20. Qa5 Bf5 21.
Ba3 Qb8 22. Nd4 Bh7 23. Qd2 Ne6 24. Bb2 Nxd4 25. Bxd4 Qd6 26. Qc3 Re7 27. Bxf6
Qxf6 28. Qxf6 gxf6 29. Kf1 Kf8 30. Ke2 f5 31. d4 f6 32. Kd2 Kf7 33. b4 Ke6 34.
a4 Kd6 35. Rc3 Bg6 36. Rdc1 Bf7 37. Bf1 Be6 38. b5 axb5 39. axb5 Bd7 40. Ra1
cxb5 41. Rb3 Rc8 42. Bxb5 Bxb5 43. Rxb5 Rcc7 44. Raa5 Rc4 45. Rxd5+ Kc6 46.
Rxf5 Rc7 47. Rfc5+ Rxc5 48. dxc5 Kd5 49. f4 Rxc5 50. Rxc5+ Kxc5 51. g4 Kd5 52.
h4 Ke6 53. Kd3 Kf7 54. Kc4 h5 1-0

[Event "12sen.WM-H Naumburg"]
[Site "Naumburg/Saale(20.10.-03.11.)"]
[Date "2002.10.24"]
[Round "4"]
[White "Maletzki, Heinz"]
[Black "Rauscher, Erwin"]
[Result "1-0"]
[WhiteElo "1514"]
[BlackElo "1579"]
[PlyCount "81"]
[EventDate "2002.11.??"]

1. b4 d5 2. Bb2 Bf5 3. Nf3 h6 4. e3 e6 5. a3 Nd7 6. d4 Ngf6 7. h3 Be7 8. Nbd2
O-O 9. Ne5 Ne8 10. Bd3 Bxd3 11. cxd3 Bf6 12. O-O Be7 13. f4 Bd6 14. Rf3 Bxe5
15. dxe5 c5 16. b5 a6 17. bxa6 Rxa6 18. Rg3 Kh8 19. Qg4 g6 20. h4 Ng7 21. e4 h5
22. Qh3 Qa5 23. Nf3 d4 24. Rg5 Nb6 25. f5 exf5 26. exf5 Nxf5 27. e6 Na4 28. e7
Nxe7 29. Bxd4+ cxd4 30. Rxa5 Rxa5 31. Nxd4 Rd5 32. Qe3 Nc6 33. Qh6+ Kg8 34. Nf3
Nb2 35. Ng5 Rxg5 36. Qxg5 Rd8 37. Qb5 Nxd3 38. Rd1 Rd6 39. Qb1 Ne7 40. Qb5 Ra6
41. Qxd3 1-0

[Event "12sen.WM-H Naumburg"]
[Site "Naumburg/Saale(20.10.-03.11.)"]
[Date "2002.10.24"]
[Round "4"]
[White "Malin, Klaus"]
[Black "Polk, Maria"]
[Result "1-0"]
[WhiteElo "1612"]
[BlackElo "1233"]
[PlyCount "57"]
[EventDate "2002.11.??"]

1. e4 c5 2. Nf3 e6 3. d4 Nf6 4. Bg5 Be7 5. Nc3 h6 6. Bxf6 Bxf6 7. e5 Be7 8. a3
a6 9. d5 d6 10. Be2 Qc7 11. exd6 Bxd6 12. O-O Nd7 13. Ne4 e5 14. c4 Nf6 15. Qd3
Nxe4 16. Qxe4 f5 17. Qc2 e4 18. Nh4 Bd7 19. Bh5+ Kd8 20. Ng6 Rg8 21. g3 Be8 22.
Qc3 Bf7 23. b4 Kd7 24. bxc5 Bxc5 25. Ne5+ Ke7 26. Bxf7 Rgd8 27. Be6 Qb6 28.
Ng6+ Kd6 29. Qe5# 1-0

[Event "12sen.WM-H Naumburg"]
[Site "Naumburg/Saale(20.10.-03.11.)"]
[Date "2002.10.24"]
[Round "4"]
[White "Mann, Klaus_Dieter"]
[Black "Roth, Karl_Heinz"]
[Result "1-0"]
[WhiteElo "1979"]
[BlackElo "1632"]
[PlyCount "67"]
[EventDate "2002.11.??"]

1. e4 c5 2. Nf3 d6 3. d4 cxd4 4. Nxd4 Nf6 5. Nc3 e6 6. Be2 Be7 7. O-O Bd7 8. f4
Nc6 9. Kh1 O-O 10. Be3 a6 11. a4 Rc8 12. Nb3 Na5 13. Nd2 Qc7 14. Bd3 Nc6 15.
Nc4 Nb4 16. Nb6 Rce8 17. Nxd7 Nxd7 18. Qe2 Nxd3 19. cxd3 Rc8 20. Rf3 Qa5 21.
Qd1 Qb4 22. Rf2 Rc6 23. d4 Rc4 24. a5 b5 25. axb6 Qxb6 26. Qe2 Rfc8 27. f5 Qb7
28. fxe6 fxe6 29. Qg4 Nf8 30. Raf1 Re8 31. Rf7 Qc8 32. Qf3 Rc7 33. Rxg7+ Kh8
34. Qf7 1-0

[Event "12sen.WM-H Naumburg"]
[Site "Naumburg/Saale(20.10.-03.11.)"]
[Date "2002.10.24"]
[Round "4"]
[White "Mauersberger, Frank"]
[Black "Fischer, Ernst[37Weiden]"]
[Result "0-1"]
[WhiteElo "1992"]
[BlackElo "1981"]
[PlyCount "72"]
[EventDate "2002.11.??"]

1. e4 c5 2. Nc3 a6 3. g3 b5 4. Bg2 Bb7 5. Nce2 d5 6. exd5 Bxd5 7. Nf3 e6 8. O-O
Nf6 9. Nf4 Bb7 10. d3 Be7 11. Qe2 Qb6 12. Be3 O-O 13. d4 Nd5 14. Nxd5 Bxd5 15.
b3 c4 16. Qd2 Qb7 17. Ne1 Rc8 18. f4 Nd7 19. f5 Nf6 20. fxe6 fxe6 21. Bg5 Ne4
22. Bxe4 Bxg5 23. Qxg5 Bxe4 24. Qe5 Bd5 25. b4 Rf8 26. Rf4 Rxf4 27. gxf4 Rf8
28. a4 Rf5 29. Qd6 h6 30. axb5 axb5 31. Qd8+ Kh7 32. Qh4 Qf7 33. Ng2 Bxg2 34.
Kxg2 Rxf4 35. Qg3 Qf5 36. Ra7 Rg4 0-1

[Event "12sen.WM-H Naumburg"]
[Site "Naumburg/Saale(20.10.-03.11.)"]
[Date "2002.10.24"]
[Round "4"]
[White "Meiling, Hermann"]
[Black "Schneider, Siegfried[42Wilk]"]
[Result "0-1"]
[WhiteElo "2028"]
[BlackElo "1676"]
[PlyCount "82"]
[EventDate "2002.11.??"]

1. d4 d5 2. c4 c6 3. Nc3 Nf6 4. Nf3 Bf5 5. e3 e6 6. Qb3 Qc7 7. Ne5 Nbd7 8. f4
Nxe5 9. fxe5 Ne4 10. Be2 Be7 11. O-O Nxc3 12. bxc3 O-O 13. Bd2 f6 14. exf6 Rxf6
15. Bf3 Bd3 16. Rf2 Bxc4 17. Qc2 Raf8 18. e4 dxe4 19. Qxe4 Bd5 20. Qe2 Bd6 21.
h3 b5 22. Bg5 R6f7 23. Bxd5 exd5 24. Rxf7 Qxf7 25. Rd1 h6 26. Bd2 Qg6 27. Qg4
Qxg4 28. hxg4 Bf4 29. Be1 Be3+ 30. Kh2 Rf1 31. a4 Bf2 32. axb5 cxb5 33. Ra1
Rxe1 34. Rxa7 Bg1+ 35. Kg3 Re3+ 36. Kf4 Rxc3 37. Ke5 Rc4 38. Kxd5 Rxd4+ 39. Ke5
Rxg4 40. Rb7 b4 41. Kf5 Rg5+ 0-1

[Event "12sen.WM-H Naumburg"]
[Site "Naumburg/Saale(20.10.-03.11.)"]
[Date "2002.10.24"]
[Round "4"]
[White "Melzig, Ernst"]
[Black "Steffen, Guenter"]
[Result "0-1"]
[WhiteElo "1405"]
[BlackElo "1847"]
[PlyCount "90"]
[EventDate "2002.11.??"]

1. b4 e5 2. Bb2 f6 3. b5 a6 4. a4 axb5 5. axb5 Rxa1 6. Bxa1 d5 7. e3 Be6 8. Nf3
Ne7 9. Be2 Ng6 10. O-O Bd6 11. d4 e4 12. Nfd2 O-O 13. c4 c6 14. cxd5 cxd5 15.
f3 f5 16. fxe4 fxe4 17. Rxf8+ Qxf8 18. Qf1 Qd8 19. Qc1 Qg5 20. Nf1 Bh3 21. g3
h5 22. Qe1 h4 23. g4 Bxg4 24. Bxg4 Qxg4+ 25. Kh1 Nd7 26. Nbd2 Nf6 27. Bc3 Nh5
28. Qf2 Ne7 29. Qg2 Nf6 30. h3 Qxg2+ 31. Kxg2 Nf5 32. Nb3 b6 33. Bd2 g5 34. Nh2
Bxh2 35. Kxh2 Nd6 36. Bb4 Nfe8 37. Nd2 Kf7 38. Nb1 Nxb5 39. Nc3 Nxc3 40. Bxc3
Nd6 41. Bd2 Nc4 42. Bc1 b5 43. Kg2 b4 44. Kf2 b3 45. Ke2 b2 0-1

[Event "12sen.WM-H Naumburg"]
[Site "Naumburg/Saale(20.10.-03.11.)"]
[Date "2002.10.24"]
[Round "4"]
[White "Mietner, Franz"]
[Black "Blaushtein, Boris"]
[Result "1-0"]
[WhiteElo "1742"]
[BlackElo "2157"]
[PlyCount "45"]
[EventDate "2002.11.??"]

1. e4 e6 2. d4 c5 3. Nf3 cxd4 4. Nxd4 a6 5. Be2 Nc6 6. O-O d6 7. Nc3 Be7 8. Be3
Nf6 9. f4 Qc7 10. Qe1 Bd7 11. Rd1 g6 12. Qf2 O-O 13. f5 exf5 14. exf5 Ne5 15.
Bh6 Neg4 16. Bxg4 Nxg4 17. Qf4 Nxh6 18. Qxh6 Qd8 19. Ne4 Re8 20. fxg6 fxg6 21.
Rf7 Kxf7 22. Qxh7+ Kf8 23. Rf1+ 1-0

[Event "12sen.WM-H Naumburg"]
[Site "Naumburg/Saale(20.10.-03.11.)"]
[Date "2002.10.24"]
[Round "4"]
[White "Mosionzhik, Ilja"]
[Black "Achenbach, Manfred"]
[Result "1/2-1/2"]
[WhiteElo "2253"]
[BlackElo "2040"]
[PlyCount "64"]
[EventDate "2002.11.??"]

1. e4 c5 2. Nf3 d6 3. d4 cxd4 4. Nxd4 a6 5. Nc3 e5 6. Nf3 Nf6 7. Bg5 Be7 8.
Bxf6 Bxf6 9. Nd5 O-O 10. Bc4 Nd7 11. O-O b5 12. Bb3 Nc5 13. Nxf6+ Qxf6 14. Bd5
Rb8 15. Ne1 Be6 16. f3 Na4 17. Rb1 Nb6 18. Bb3 Rfd8 19. Rf2 d5 20. exd5 Bxd5
21. Bxd5 Nxd5 22. Rd2 Nf4 23. Nd3 Qb6+ 24. Kh1 Nxd3 25. Rxd3 Rxd3 26. Qxd3 Rd8
27. Qe2 Qd4 28. h3 f5 29. c3 Qd2 30. Re1 h6 31. Kg1 Kf7 32. Kf1 Qd5 1/2-1/2

[Event "12sen.WM-H Naumburg"]
[Site "Naumburg/Saale(20.10.-03.11.)"]
[Date "2002.10.24"]
[Round "4"]
[White "Neumann, Horst"]
[Black "Glaser, Heinz_Alfred"]
[Result "1-0"]
[WhiteElo "2035"]
[BlackElo "1680"]
[PlyCount "43"]
[EventDate "2002.11.??"]

1. d4 d5 2. Nf3 Nf6 3. Bg5 h6 4. Bh4 Bf5 5. Nbd2 Nbd7 6. e3 e6 7. Rc1 c6 8. Be2
Be7 9. O-O O-O 10. c4 b6 11. a3 a5 12. Qa4 Rc8 13. cxd5 Nxd5 14. Bg3 b5 15. Qd1
N5f6 16. a4 b4 17. Ba6 Ra8 18. Rxc6 Nb8 19. Rc8 Qb6 20. Rxf8+ Kxf8 21. Bb5 Nd5
22. e4 1-0

[Event "12sen.WM-H Naumburg"]
[Site "Naumburg/Saale(20.10.-03.11.)"]
[Date "2002.10.24"]
[Round "4"]
[White "Nietsch, Horst"]
[Black "Ivanets, Vladimir[39Russl]"]
[Result "1-0"]
[WhiteElo "2085"]
[BlackElo "2287"]
[PlyCount "82"]
[EventDate "2002.11.??"]

1. e4 c5 2. Nf3 a6 3. c4 g6 4. d4 cxd4 5. Nxd4 Bg7 6. Nc3 Nc6 7. Be3 d6 8. Be2
Nf6 9. f3 O-O 10. Qd2 Bd7 11. O-O e6 12. Nxc6 Bxc6 13. Rfd1 Ne8 14. c5 d5 15.
exd5 exd5 16. Nxd5 Nc7 17. Nb6 Qxd2 18. Rxd2 Rad8 19. Rad1 Rxd2 20. Rxd2 Re8
21. Kf2 h5 22. Bc4 Ne6 23. a3 h4 24. g3 Bf6 25. Nd5 hxg3+ 26. hxg3 Bd8 27. Nb4
Ba4 28. Rd6 Bc7 29. Rd3 Bc6 30. Nxc6 bxc6 31. Rd7 Be5 32. b3 Bb2 33. a4 Bc3 34.
Rd6 Kf8 35. Rxc6 Ke7 36. Bxe6 fxe6 37. Rb6 Rc8 38. Bg5+ Kd7 39. Rd6+ Kc7 40.
Rxe6 Bb4 41. Ke2 Bxc5 1-0

[Event "12sen.WM-H Naumburg"]
[Site "Naumburg/Saale(20.10.-03.11.)"]
[Date "2002.10.24"]
[Round "4"]
[White "Nopp, Josef"]
[Black "Hesselbarth, Karlheinz"]
[Result "0-1"]
[WhiteElo "1579"]
[BlackElo "1788"]
[PlyCount "52"]
[EventDate "2002.11.??"]

1. Nf3 Nf6 2. d4 e6 3. Bf4 b6 4. e3 Bb7 5. Nbd2 Be7 6. Bd3 O-O 7. O-O Nh5 8.
Bxh7+ Kxh7 9. Ng5+ Kg6 10. Nh3 f5 11. Be5 d6 12. g4 dxe5 13. gxh5+ Kf7 14. Nf3
Bxf3 15. Qxf3 Qd5 16. Qg3 Bf6 17. Qg6+ Ke7 18. dxe5 Qxe5 19. Nf4 Qe4 20. Qg3
Rf7 21. Rad1 Nc6 22. Ng6+ Ke8 23. Nh8 Re7 24. h3 Ne5 25. f4 Nc4 26. h6 Qxe3+
0-1

[Event "12sen.WM-H Naumburg"]
[Site "Naumburg/Saale(20.10.-03.11.)"]
[Date "2002.10.24"]
[Round "4"]
[White "Ofstad, Per"]
[Black "Lundberg, Gunnar"]
[Result "1/2-1/2"]
[WhiteElo "2199"]
[BlackElo "1972"]
[PlyCount "20"]
[EventDate "2002.11.??"]

1. e4 e5 2. Nf3 Nc6 3. Bb5 a6 4. Ba4 Nf6 5. O-O b5 6. Bb3 Be7 7. Re1 O-O 8. h3
Bb7 9. d3 d5 10. Nc3 dxe4 1/2-1/2

[Event "12sen.WM-H Naumburg"]
[Site "Naumburg/Saale(20.10.-03.11.)"]
[Date "2002.10.24"]
[Round "4"]
[White "Peierl, Walter"]
[Black "Roettger, Johann"]
[Result "1-0"]
[WhiteElo "1800"]
[BlackElo "1102"]
[PlyCount "67"]
[EventDate "2002.11.??"]

1. e4 e5 2. Nf3 Nc6 3. c3 a6 4. Bc4 h6 5. O-O Nf6 6. d3 Be7 7. b4 b5 8. Bb3 O-O
9. h3 d6 10. Be3 Kh8 11. Nbd2 Bd7 12. a3 Qc8 13. Kh2 Be6 14. Bc2 Qd8 15. d4
exd4 16. cxd4 Bc4 17. Nxc4 bxc4 18. Qe2 d5 19. e5 Nh7 20. Nd2 Qd7 21. f4 f6 22.
Nf3 f5 23. Rg1 Qc8 24. g4 fxg4 25. Rxg4 Qd7 26. Rag1 Rg8 27. Bxh7 Kxh7 28. Qc2+
Kh8 29. f5 Raf8 30. Qg2 Bg5 31. Bxg5 hxg5 32. Nxg5 Qxf5 33. Rh4+ Qh7 34. Rxh7#
1-0

[Event "12sen.WM-H Naumburg"]
[Site "Naumburg/Saale(20.10.-03.11.)"]
[Date "2002.10.24"]
[Round "4"]
[White "Perk, Egbert"]
[Black "Bodinger, Karl"]
[Result "0-1"]
[WhiteElo "1910"]
[BlackElo "1577"]
[PlyCount "66"]
[EventDate "2002.11.??"]

1. d4 Nf6 2. c4 e6 3. Nf3 d5 4. Nc3 Bb4 5. e3 Ne4 6. Qc2 f5 7. Bd3 O-O 8. O-O
c6 9. a3 Be7 10. Ne5 Bf6 11. Nf3 Nd7 12. Rb1 Rb8 13. b4 a6 14. Bb2 Nb6 15. b5
Nd7 16. a4 e5 17. Ne2 Qe7 18. dxe5 Nxe5 19. Nxe5 Bxe5 20. Bxe5 Qxe5 21. Qb2 Qe8
22. Nd4 Bd7 23. Rbe1 f4 24. exf4 Rxf4 25. Re2 Qf7 26. Rfe1 Rf8 27. f3 Ng5 28.
Re5 Qf6 29. Qf2 h6 30. Nc2 Bg4 31. Kh1 Nxf3 32. gxf3 Bxf3+ 33. Kg1 Rg4+ 0-1